センバツ高校野球2025 出場校の所在地がある市区町村名 - Statistics

General Stats
  • This quiz has been taken 138 times
  • The average score is 22 of 32
Answer Stats
高校名 市区町村名 % Correct
東海大札幌 札幌市
97%
智弁和歌山 和歌山市
90%
市和歌山 和歌山市
90%
浦和実 さいたま市
88%
高松商 高松市
88%
横浜清陵 横浜市
88%
沖縄尚学 那覇市
88%
横浜 横浜市
88%
花巻東 花巻市
88%
天理 天理市
87%
滋賀短大付 大津市
87%
敦賀気比 敦賀市
87%
健大高崎 高崎市
87%
山梨学院 甲府市
86%
青森山田 青森市
86%
広島商 広島市
85%
米子松蔭 米子市
85%
東洋大姫路 姫路市
84%
大垣日大 大垣市
84%
常葉大菊川 菊川市
80%
壱岐 壱岐市
80%
日本航空石川 輪島市
57%
滋賀学園 東近江市
45%
至学館 名古屋市
42%
エナジックスポーツ 名護市
40%
聖光学院 伊達市(福島県)
39%
早稲田実 国分寺市
38%
二松学舎大付 千代田区
37%
明徳義塾 須崎市
33%
西日本短大付 八女市
29%
柳ヶ浦 宇佐市
29%
千葉黎明 八街市
19%
No matching quizzes found
Score Distribution
Percent of People with Each Score
Percentile by Number Answered
Your Score History
You have not taken this quiz